| 000 | 01699nam a2200385Ia 4500 | ||
|---|---|---|---|
| 008 | 130821s1988 sp gr spa | ||
| 020 | _a8420681253 | ||
| 040 |
_aCo-BoUCM _bspa |
||
| 041 | 0 | 0 | _aspa |
| 245 | 0 | 0 |
_aManual de ciencia política _cStefano Bartolini...[et al.] ; versión española Pilar Chavarri ; M. Luz Morán ; Miguel A. Ruiz ; Compilación de Gianfranco Pasquino. |
| 260 |
_aMadrid (España) _bAlianza _c1988 |
||
| 300 | _a480 páginas | ||
| 490 | _aAlianza universidad textos | ||
| 505 |
_tNaturaleza y evolución de la disciplina. -- _tMetodología de la investigación política. -- _tDemocracias. -- _tAutoritarismos. -- _tParticipación política, grupos y movimientos. -- _tPartidos y sistemas de partidos. -- _tParlamentarios y representación. -- _tGobiernos. -- _tBurocracias públicas. -- _tDimensión internacional de los procesos políticos. |
||
| 650 | 0 | 4 |
_aAutoritarismo _99835 |
| 650 | 0 | 4 |
_aBurocracia _910249 |
| 650 | 0 | 4 |
_aCiencia política _9340 |
| 650 | 0 | 4 |
_aDemocracia _912617 |
| 650 | 0 | 4 |
_aDerecho constitucional _912725 |
| 650 | 0 | 4 |
_aDerecho público _912826 |
| 650 | 0 | 4 |
_aEstado _97594 |
| 650 | 0 | 4 |
_aInvestigación jurídica _917999 |
| 650 | 0 | 4 |
_aParticipación política _921123 |
| 650 | 0 | 4 |
_aPartidos políticos _97900 |
| 650 | 0 | 4 |
_aPolítica internacional _921990 |
| 650 | 0 | 4 |
_aTeoría del estado _925310 |
| 650 | 0 | 4 |
_aTeoría política _925330 |
| 700 | 1 |
_aBartolini, Stefano _9154329 |
|
| 700 | 1 |
_aCotta, Maurizio _9154330 |
|
| 700 | 1 |
_aMorlino, Leonardo _9118351 |
|
| 700 | 1 |
_aPanebianco, Angelo _9140838 |
|
| 700 | 1 |
_aPasquino, Gianfranco _d1942- _ecomp. _936090 |
|
| 942 |
_cLIBRO _a6 _e1 _mM15 _2DEWEY _h320 |
||
| 999 |
_c20501 _d20501 |
||